| 000 | 00753nam a2200253Ia 4500 | ||
|---|---|---|---|
| 003 | GCL | ||
| 008 | 140319s9999 xx 000 0 ara d | ||
| 040 |
_aGCL / _cGCL |
||
| 082 | 0 | 4 |
_aط _b784.6 _bس س |
| 100 | 1 | _aسليمان العيسى | |
| 245 | 1 | 0 |
_aاغانى المساء / _cسليمان العيسى |
| 700 | 1 | _aليفيلد كانى | |
| 260 |
_a[S.N] : _bمكتبة لبنان |
||
| 300 | _aمتعدد | ||
| 490 |
_aسلسلة قصائد واناشيد _v0 |
||
| 650 | 0 | 4 | _aالاطفال |
| 650 | 0 | 4 | _aالشعر الغنائى |
| 650 | 0 | 4 | _aالاغانى |
| 650 | 0 | 4 | _aشعر الاطفال |
| 650 | 0 | 4 | _aاغانى الاطفال |
| 650 | 0 | 4 | _aالاغانى العربية |
| 650 | 0 | 4 | _aالاناشيد |
| 942 |
_2ddc _cBK |
||
| 999 |
_c32846 _d32846 |
||